| 000 | 00983nam0a22002411 4500 | ||
|---|---|---|---|
| 001 | rc\525847 | ||
| 005 | 20250621120854.0 | ||
| 035 | _a(NLR Aleph) 005764469 | ||
| 090 |
_a4972558 _c4972558 |
||
| 100 | _a20030616d1987 |||y0rusy50 ca | ||
| 101 | 0 | _arus | |
| 102 | _aRU | ||
| 105 | _ay ||||||||| | ||
| 200 | 1 |
_aПроблема перехода к производящему хозяйству в зарубежной историографии _eНауч.-аналит. обзор _fАН СССР, ИНИОН, Ин-т этнографии им. Н.Н. Миклухо-Маклая _g[В.А. Шнирельман, к. ист. н. _gОтв. ред. А.И. Першиц, д. ист. н.] |
|
| 210 |
_aМ. _cИНИОН _d1987 |
||
| 215 |
_a68 с. _d20 |
||
| 225 | 1 | _aСерия "Проблемы всеобщей истории" | |
| 320 | _aБиблиогр.: с. 50-67 | ||
| 801 | 0 |
_aRU _bNLR _gpsbo |
|
| 801 | 1 |
_aRU _bELAR _2rusmarc |
|
| 852 |
_aNLR _j87-4/17953 |
||
| 942 | _cBOOK | ||
| 980 | _aNB | ||